वर्णजाति व्यवस्था : (Record no. 119195)

MARC details
000 -LEADER
fixed length control field 01535nam a22003017a 4500
003 - CONTROL NUMBER IDENTIFIER
control field dpl
005 - DATE AND TIME OF LATEST TRANSACTION
control field 20190424115322.0
008 - FIXED-LENGTH DATA ELEMENTS--GENERAL INFORMATION
fixed length control field 190424b ||||| |||| 00| 0 eng d
010 ## - LIBRARY OF CONGRESS CONTROL NUMBER
LC control number B-136308
020 ## - INTERNATIONAL STANDARD BOOK NUMBER
Terms of availability 00.00
International Standard Book Number 8179170438
035 ## - SYSTEM CONTROL NUMBER
System control number B-136308, B-136309
037 ## - SOURCE OF ACQUISITION
Source of stock number/acquisition Cen Lib/Ret
040 ## - CATALOGING SOURCE
Original cataloging agency DPL
Language of cataloging HN
Transcribing agency 0
082 ## - DEWEY DECIMAL CLASSIFICATION NUMBER
Classification number 305.56
Item number जायस
100 ## - MAIN ENTRY--PERSONAL NAME
Personal name जायसवाल, सुवीरा
9 (RLIN) 83775
245 ## - TITLE STATEMENT
Title वर्णजाति व्यवस्था :
Statement of responsibility, etc सुवीरा जायसवाल ; अनुवादक आदित्यनारायण सिंह
Remainder of title उदभव,प्रकार्य और रूपांतरण /
246 ## - VARYING FORM OF TITLE
Title proper/short title Varnjati vyavstha : udbhav,prakarye aur roopantaran /
Remainder of title by Suveera Jayaswal ;anuvadak Adityanarayan Singh
260 ## - PUBLICATION, DISTRIBUTION, ETC. (IMPRINT)
Name of publisher, distributor, etc ग्रंथ शिल्पी
Place of publication, distribution, etc दिल्ली
Date of publication, distribution, etc 2004
270 ## - ADDRESS
City दिल्ली
Address बी-5, सरस्वती काम्प्लेक्स, सुभाष चौक, लक्ष्मी नगर
Postal code 110092
300 ## - PHYSICAL DESCRIPTION
Extent 264पृ.
Dimensions 22सेमी(सजिल्द)
500 ## - GENERAL NOTE
General note संदर्भ शामिल
650 ## - SUBJECT ADDED ENTRY--TOPICAL TERM
Topical term or geographic name as entry element जाति और हिन्दू धर्म
9 (RLIN) 83776
650 ## - SUBJECT ADDED ENTRY--TOPICAL TERM
Topical term or geographic name as entry element पारंपरिक बौद्ध धर्म
9 (RLIN) 83777
650 ## - SUBJECT ADDED ENTRY--TOPICAL TERM
Topical term or geographic name as entry element Caste and Hinduism
9 (RLIN) 83778
650 ## - SUBJECT ADDED ENTRY--TOPICAL TERM
Topical term or geographic name as entry element Traditional Buddhism
9 (RLIN) 83779
700 ## - ADDED ENTRY--PERSONAL NAME
Personal name आदित्यनारायण सिंह
9 (RLIN) 9378
942 ## - ADDED ENTRY ELEMENTS (KOHA)
Source of classification or shelving scheme Dewey Decimal Classification
Koha item type Hindi Books
Classification part 305.56
Call number suffix जायस
Holdings
Withdrawn status Lost status Damaged status Not for loan Home library Current library Date acquired Source of acquisition Cost, normal purchase price Total Checkouts Full call number Barcode Date last seen Copy number Cost, replacement price Price effective from Koha item type Source of classification or shelving scheme Collection code
        Central Library Central Library 15/09/2015 Cen Lib/Ret 0.00   305.56 जायस B-136308 15/09/2015 1 0.00 15/09/2015 Hindi Books    
        Shahdara Branch Shahdara Branch 24/04/2019 BPPD/PUB 0.00   305.56 जायस B-136309 24/04/2019   0.00 24/04/2019 Hindi Books Dewey Decimal Classification Non-fiction

© Delhi Public Library
Hit Counter
free hit counter